000 01220cam a2200145 4500500
005 20251214005331.0
041 _afre
042 _adc
100 1 0 _aSoulé, Bastien
_eauthor
700 1 0 _aCorneloup, Jean
_eauthor
245 0 0 _aSociologie de l'engagement corporel : Risques sportifs et pratiques ''extrêmes'' dans la société contemporaine
260 _bArmand Colin,
_c2007.
520 _aLes sports de l’extrême, la radicalisation de l’engagement corporel des sportifs et de nombreuses pratiques de loisir constituent un phénomène caractéristique de nos sociétés contemporaines. Les auteurs de ce livre explorent ce phénomène. Quelles sont les motivations de ceux qui s’exposent au-delà du raisonnable, à la fois pour eux-mêmes (surentraînement, prises de risque excessives), pour la collectivité (coût des opérations de secours, questions de santé publique) et l’éthique sportive (dopage) ? Quels sont les modes de régulation du danger adoptés par les professionnels du monde sportif, les spécialistes de la sécurité et les pouvoirs publics ?
856 4 1 _uhttps://shs.cairn.info/sociologie-de-l-engagement-corporel--9782200345785?lang=fr&redirect-ssocas=7080
999 _c1568783
_d1568783